| 000 | 00954naa a2200265 4500 | ||
|---|---|---|---|
| 005 | 20090513121823.0 | ||
| 008 | 090513t xxu||||| |||| 00| 0 eng d | ||
| 010 | _aENG-93501 | ||
| 020 |
_a9788131305461 _c1495.00 |
||
| 035 | _aEN-77034 | ||
| 037 | _bDBAD / PUB | ||
| 040 |
_adpl _bEnglish |
||
| 082 | _a615.321 | ||
| 100 | _aPati, R.N. | ||
| 245 |
_aConservation of medicinal plants / _cby R.N. Pati [and] D.N. Tewari |
||
| 260 |
_aNew Delhi _bA.P.H. Publishing _c2009 |
||
| 270 |
_a4435-36/7, Ansari Road, Darya Ganj _bNew Delhi _e110002 |
||
| 300 |
_axxiii, 424p. _c23cm(Hb) |
||
| 500 | _aIncludes index | ||
| 650 | _aMedicinal plants | ||
| 650 | _aPlants conservation | ||
| 700 | _aTewari, D.N. | ||
| 942 |
_adpl _cEN _2ddc _mPAT _h615.321 |
||
| 999 |
_c26307 _d26307 |
||